A primer on the use of machine learning to distil knowledge from data in biological psychiatry

Applications of machine learning in the biomedical sciences are growing rapidly. This growth has been spurred by diverse cross-institutional and interdisciplinary collaborations, public availability of large datasets, an increase in the accessibility of analytic routines, and the availability of pow...

Full description

Saved in:
Bibliographic Details
Main Authors: Quinn, Thomas P. (Author) , Hess, Jonathan L. (Author) , Marshe, Victoria S. (Author) , Barnett, Michelle M. (Author) , Hauschild, Anne-Christin (Author) , Maciukiewicz, Malgorzata (Author) , Elsheikh, Samar S. M. (Author) , Men, Xiaoyu (Author) , Schwarz, Emanuel (Author) , Trakadis, Yannis J. (Author) , Breen, Michael S. (Author) , Barnett, Eric J. (Author) , Zhang-James, Yanli (Author) , Ahsen, Mehmet Eren (Author) , Cao, Han (Author) , Chen, Junfang (Author) , Hou, Jiahui (Author) , Salekin, Asif (Author) , Lin, Ping-I. (Author) , Nicodemus, Kristin K. (Author) , Meyer-Lindenberg, Andreas (Author) , Bichindaritz, Isabelle (Author) , Faraone, Stephen V. (Author) , Cairns, Murray J. (Author) , Pandey, Gaurav (Author) , Müller, Daniel J. (Author) , Glatt, Stephen J. (Author)
Format: Article (Journal)
Language:English
Published: February 2024
In: Molecular psychiatry
Year: 2024, Volume: 29, Issue: 2, Pages: 387-401
ISSN:1476-5578
DOI:10.1038/s41380-023-02334-2
Online Access:Verlag, lizenzpflichtig, Volltext: https://doi.org/10.1038/s41380-023-02334-2
Verlag, lizenzpflichtig, Volltext: http://www.nature.com/articles/s41380-023-02334-2
Get full text
Author Notes:Thomas P. Quinn, Jonathan L. Hess, Victoria S. Marshe, Michelle M. Barnett, Anne-Christin Hauschild, Malgorzata Maciukiewicz, Samar S.M. Elsheikh, Xiaoyu Men, Emanuel Schwarz, Yannis J. Trakadis, Michael S. Breen, Eric J. Barnett, Yanli Zhang-James, Mehmet Eren Ahsen, Han Cao, Junfang Chen, Jiahui Hou, Asif Salekin, Ping-I. Lin, Kristin K. Nicodemus, Andreas Meyer-Lindenberg, Isabelle Bichindaritz, Stephen V. Faraone, Murray J. Cairns, Gaurav Pandey, Daniel J. Müller, Stephen J. Glatt, and on behalf of the Machine Learning in Psychiatry (MLPsych) Consortium

MARC

LEADER 00000caa a2200000 c 4500
001 1908290617
003 DE-627
005 20251023213538.0
007 cr uuu---uuuuu
008 241112s2024 xx |||||o 00| ||eng c
024 7 |a 10.1038/s41380-023-02334-2  |2 doi 
035 |a (DE-627)1908290617 
035 |a (DE-599)KXP1908290617 
035 |a (OCoLC)1475647011 
040 |a DE-627  |b ger  |c DE-627  |e rda 
041 |a eng 
084 |a 11  |2 sdnb 
100 1 |a Quinn, Thomas P.  |e VerfasserIn  |0 (DE-588)1348038683  |0 (DE-627)1908293683  |4 aut 
245 1 2 |a A primer on the use of machine learning to distil knowledge from data in biological psychiatry  |c Thomas P. Quinn, Jonathan L. Hess, Victoria S. Marshe, Michelle M. Barnett, Anne-Christin Hauschild, Malgorzata Maciukiewicz, Samar S.M. Elsheikh, Xiaoyu Men, Emanuel Schwarz, Yannis J. Trakadis, Michael S. Breen, Eric J. Barnett, Yanli Zhang-James, Mehmet Eren Ahsen, Han Cao, Junfang Chen, Jiahui Hou, Asif Salekin, Ping-I. Lin, Kristin K. Nicodemus, Andreas Meyer-Lindenberg, Isabelle Bichindaritz, Stephen V. Faraone, Murray J. Cairns, Gaurav Pandey, Daniel J. Müller, Stephen J. Glatt, and on behalf of the Machine Learning in Psychiatry (MLPsych) Consortium 
264 1 |c February 2024 
300 |a 15 
336 |a Text  |b txt  |2 rdacontent 
337 |a Computermedien  |b c  |2 rdamedia 
338 |a Online-Ressource  |b cr  |2 rdacarrier 
500 |a Online veröffentlicht: 04. Januar 2024 
500 |a Gesehen am 12.11.2024 
520 |a Applications of machine learning in the biomedical sciences are growing rapidly. This growth has been spurred by diverse cross-institutional and interdisciplinary collaborations, public availability of large datasets, an increase in the accessibility of analytic routines, and the availability of powerful computing resources. With this increased access and exposure to machine learning comes a responsibility for education and a deeper understanding of its bases and bounds, borne equally by data scientists seeking to ply their analytic wares in medical research and by biomedical scientists seeking to harness such methods to glean knowledge from data. This article provides an accessible and critical review of machine learning for a biomedically informed audience, as well as its applications in psychiatry. The review covers definitions and expositions of commonly used machine learning methods, and historical trends of their use in psychiatry. We also provide a set of standards, namely Guidelines for REporting Machine Learning Investigations in Neuropsychiatry (GREMLIN), for designing and reporting studies that use machine learning as a primary data-analysis approach. Lastly, we propose the establishment of the Machine Learning in Psychiatry (MLPsych) Consortium, enumerate its objectives, and identify areas of opportunity for future applications of machine learning in biological psychiatry. This review serves as a cautiously optimistic primer on machine learning for those on the precipice as they prepare to dive into the field, either as methodological practitioners or well-informed consumers. 
650 4 |a Biotechnology 
650 4 |a Neuroscience 
700 1 |a Hess, Jonathan L.  |e VerfasserIn  |4 aut 
700 1 |a Marshe, Victoria S.  |e VerfasserIn  |4 aut 
700 1 |a Barnett, Michelle M.  |e VerfasserIn  |4 aut 
700 1 |a Hauschild, Anne-Christin  |e VerfasserIn  |4 aut 
700 1 |a Maciukiewicz, Malgorzata  |e VerfasserIn  |4 aut 
700 1 |a Elsheikh, Samar S. M.  |e VerfasserIn  |4 aut 
700 1 |a Men, Xiaoyu  |e VerfasserIn  |4 aut 
700 1 |a Schwarz, Emanuel  |e VerfasserIn  |0 (DE-588)1055051260  |0 (DE-627)792581040  |0 (DE-576)411121596  |4 aut 
700 1 |a Trakadis, Yannis J.  |e VerfasserIn  |4 aut 
700 1 |a Breen, Michael S.  |e VerfasserIn  |4 aut 
700 1 |a Barnett, Eric J.  |e VerfasserIn  |4 aut 
700 1 |a Zhang-James, Yanli  |e VerfasserIn  |4 aut 
700 1 |8 1\p  |a Ahsen, Mehmet Eren  |e VerfasserIn  |0 (DE-588)1144963192  |0 (DE-627)1005127972  |0 (DE-576)495539740  |4 aut 
700 1 |a Cao, Han  |d 1987-  |e VerfasserIn  |0 (DE-588)1156200083  |0 (DE-627)1018678115  |0 (DE-576)502030283  |4 aut 
700 1 |a Chen, Junfang  |d 1986-  |e VerfasserIn  |0 (DE-588)1156201071  |0 (DE-627)1018679855  |0 (DE-576)502031905  |4 aut 
700 1 |a Hou, Jiahui  |e VerfasserIn  |4 aut 
700 1 |a Salekin, Asif  |e VerfasserIn  |4 aut 
700 1 |a Lin, Ping-I.  |e VerfasserIn  |4 aut 
700 1 |a Nicodemus, Kristin K.  |e VerfasserIn  |4 aut 
700 1 |a Meyer-Lindenberg, Andreas  |d 1965-  |e VerfasserIn  |0 (DE-588)1029137390  |0 (DE-627)732483069  |0 (DE-576)376589876  |4 aut 
700 1 |8 2\p  |a Bichindaritz, Isabelle  |e VerfasserIn  |0 (DE-588)1376901129  |0 (DE-627)1936232391  |4 aut 
700 1 |8 3\p  |a Faraone, Stephen V.  |e VerfasserIn  |0 (DE-588)172071518  |0 (DE-627)696978563  |0 (DE-576)173446949  |4 aut 
700 1 |a Cairns, Murray J.  |e VerfasserIn  |4 aut 
700 1 |a Pandey, Gaurav  |e VerfasserIn  |4 aut 
700 1 |a Müller, Daniel J.  |e VerfasserIn  |4 aut 
700 1 |8 4\p  |a Glatt, Stephen J.  |e VerfasserIn  |0 (DE-588)1017569819  |0 (DE-627)69037416X  |0 (DE-576)351297634  |4 aut 
773 0 8 |i Enthalten in  |t Molecular psychiatry  |d [London] : Springer Nature, 1997  |g 29(2024), 2 vom: Feb., Seite 387-401  |h Online-Ressource  |w (DE-627)308450108  |w (DE-600)1502531-7  |w (DE-576)111905222  |x 1476-5578  |7 nnas  |a A primer on the use of machine learning to distil knowledge from data in biological psychiatry 
773 1 8 |g volume:29  |g year:2024  |g number:2  |g month:02  |g pages:387-401  |g extent:15  |a A primer on the use of machine learning to distil knowledge from data in biological psychiatry 
856 4 0 |u https://doi.org/10.1038/s41380-023-02334-2  |x Verlag  |x Resolving-System  |z lizenzpflichtig  |3 Volltext 
856 4 0 |u http://www.nature.com/articles/s41380-023-02334-2  |x Verlag  |z lizenzpflichtig  |3 Volltext 
883 |8 1\p  |a cgwrk  |d 20250301  |q DE-101  |u https://d-nb.info/provenance/plan#cgwrk 
883 |8 2\p  |a cgwrk  |d 20251001  |q DE-101  |u https://d-nb.info/provenance/plan#cgwrk 
883 |8 3\p  |a cgwrk  |d 20250301  |q DE-101  |u https://d-nb.info/provenance/plan#cgwrk 
883 |8 4\p  |a cgwrk  |d 20250301  |q DE-101  |u https://d-nb.info/provenance/plan#cgwrk 
951 |a AR 
992 |a 20241112 
993 |a Article 
994 |a 2024 
998 |g 1029137390  |a Meyer-Lindenberg, Andreas  |m 1029137390:Meyer-Lindenberg, Andreas  |d 60000  |e 60000PM1029137390  |k 0/60000/  |p 21 
998 |g 1156201071  |a Chen, Junfang  |m 1156201071:Chen, Junfang  |d 60000  |e 60000PC1156201071  |k 0/60000/  |p 16 
998 |g 1156200083  |a Cao, Han  |m 1156200083:Cao, Han  |d 60000  |e 60000PC1156200083  |k 0/60000/  |p 15 
998 |g 1055051260  |a Schwarz, Emanuel  |m 1055051260:Schwarz, Emanuel  |d 60000  |e 60000PS1055051260  |k 0/60000/  |p 9 
999 |a KXP-PPN1908290617  |e 4613337542 
BIB |a Y 
SER |a journal 
JSO |a {"id":{"doi":["10.1038/s41380-023-02334-2"],"eki":["1908290617"]},"origin":[{"dateIssuedDisp":"February 2024","dateIssuedKey":"2024"}],"recId":"1908290617","note":["Online veröffentlicht: 04. Januar 2024","Gesehen am 12.11.2024"],"title":[{"title":"A primer on the use of machine learning to distil knowledge from data in biological psychiatry","title_sort":"primer on the use of machine learning to distil knowledge from data in biological psychiatry"}],"relHost":[{"physDesc":[{"extent":"Online-Ressource"}],"type":{"bibl":"periodical","media":"Online-Ressource"},"language":["eng"],"origin":[{"publisher":"Springer Nature ; Macmillan","dateIssuedDisp":"[1997?]-","publisherPlace":"[London] ; London"}],"recId":"308450108","pubHistory":["Nachgewiesen 2.1997 -"],"part":{"extent":"15","pages":"387-401","volume":"29","year":"2024","issue":"2","text":"29(2024), 2 vom: Feb., Seite 387-401"},"title":[{"title":"Molecular psychiatry","title_sort":"Molecular psychiatry"}],"note":["Gesehen am 13.06.24"],"disp":"A primer on the use of machine learning to distil knowledge from data in biological psychiatryMolecular psychiatry","id":{"issn":["1476-5578"],"zdb":["1502531-7"],"eki":["308450108"]}}],"physDesc":[{"extent":"15 S."}],"type":{"bibl":"article-journal","media":"Online-Ressource"},"person":[{"given":"Thomas P.","display":"Quinn, Thomas P.","role":"aut","family":"Quinn"},{"family":"Hess","role":"aut","display":"Hess, Jonathan L.","given":"Jonathan L."},{"given":"Victoria S.","role":"aut","display":"Marshe, Victoria S.","family":"Marshe"},{"family":"Barnett","display":"Barnett, Michelle M.","role":"aut","given":"Michelle M."},{"display":"Hauschild, Anne-Christin","role":"aut","given":"Anne-Christin","family":"Hauschild"},{"given":"Malgorzata","display":"Maciukiewicz, Malgorzata","role":"aut","family":"Maciukiewicz"},{"given":"Samar S. M.","display":"Elsheikh, Samar S. M.","role":"aut","family":"Elsheikh"},{"family":"Men","role":"aut","display":"Men, Xiaoyu","given":"Xiaoyu"},{"family":"Schwarz","display":"Schwarz, Emanuel","role":"aut","given":"Emanuel"},{"role":"aut","display":"Trakadis, Yannis J.","given":"Yannis J.","family":"Trakadis"},{"given":"Michael S.","role":"aut","display":"Breen, Michael S.","family":"Breen"},{"family":"Barnett","role":"aut","display":"Barnett, Eric J.","given":"Eric J."},{"given":"Yanli","role":"aut","display":"Zhang-James, Yanli","family":"Zhang-James"},{"family":"Ahsen","given":"Mehmet Eren","display":"Ahsen, Mehmet Eren","role":"aut"},{"given":"Han","role":"aut","display":"Cao, Han","family":"Cao"},{"role":"aut","display":"Chen, Junfang","given":"Junfang","family":"Chen"},{"family":"Hou","given":"Jiahui","display":"Hou, Jiahui","role":"aut"},{"family":"Salekin","given":"Asif","role":"aut","display":"Salekin, Asif"},{"family":"Lin","given":"Ping-I.","role":"aut","display":"Lin, Ping-I."},{"family":"Nicodemus","role":"aut","display":"Nicodemus, Kristin K.","given":"Kristin K."},{"family":"Meyer-Lindenberg","given":"Andreas","role":"aut","display":"Meyer-Lindenberg, Andreas"},{"family":"Bichindaritz","given":"Isabelle","role":"aut","display":"Bichindaritz, Isabelle"},{"family":"Faraone","role":"aut","display":"Faraone, Stephen V.","given":"Stephen V."},{"family":"Cairns","given":"Murray J.","role":"aut","display":"Cairns, Murray J."},{"display":"Pandey, Gaurav","role":"aut","given":"Gaurav","family":"Pandey"},{"given":"Daniel J.","role":"aut","display":"Müller, Daniel J.","family":"Müller"},{"family":"Glatt","role":"aut","display":"Glatt, Stephen J.","given":"Stephen J."}],"language":["eng"],"name":{"displayForm":["Thomas P. Quinn, Jonathan L. Hess, Victoria S. Marshe, Michelle M. Barnett, Anne-Christin Hauschild, Malgorzata Maciukiewicz, Samar S.M. Elsheikh, Xiaoyu Men, Emanuel Schwarz, Yannis J. Trakadis, Michael S. Breen, Eric J. Barnett, Yanli Zhang-James, Mehmet Eren Ahsen, Han Cao, Junfang Chen, Jiahui Hou, Asif Salekin, Ping-I. Lin, Kristin K. Nicodemus, Andreas Meyer-Lindenberg, Isabelle Bichindaritz, Stephen V. Faraone, Murray J. Cairns, Gaurav Pandey, Daniel J. Müller, Stephen J. Glatt, and on behalf of the Machine Learning in Psychiatry (MLPsych) Consortium"]}} 
SRT |a QUINNTHOMAPRIMERONTH2024